[Event "MPL 35th National U-20 Girls Chess-ch 20"]
[Site "Haryana"]
[Date "2022.03.13"]
[Round "9.2"]
[White "Ghosh Samriddhaa"]
[Black "Bhagyashree Patil"]
[Result "0-1"]
[WhiteElo "1910"]
[BlackElo "1974"]
[Annotator "TA"]
[PlyCount "106"]
[EventDate "2022.03.09"]
[EventCountry "IND"]
[SourceTitle "playchess.com"]
[Source "ChessBase"]
[SourceQuality "1"]

{[%evp 17,106,27,32,0,2,10,1,0,65,-24,25,-14,35,22,44,50,17,0,69,72,86,74,97,90,77,83,132,36,119,89,90,18,12,0,6,-102,-104,-193,-195,-177,-158,-147,-131,-135,-133,-954,-500,-491,-246,-228,-240,-211,-224,-216,-202,-284,-285,-270,-261,-292,-268,-322,-312,-908,-264,-423,-410,-409,-397,-512,-493,-567,-571,-652,-649,-859,-850,-776,-720,-1685,-1606,-1438,-1484,-1347,-1371,-1956,-1955,-2091,-1864,-3464,-2977]} 1. e4 e5 2. Nf3 Nc6 3. Bb5 a6 4. Ba4 Be7 5. O-O Nf6 6. d3 {[%cal Bd2d3,Bd3d4,Bd4e5][%mdl 32]} d6 7. c3 O-O 8. Re1 b5 9. Bc2 d5 10. d4 {C84: Closed Ruy Lopez: Unusual White 6th moves.} Nxe4 11. Nxe5 Nxe5 12. dxe5 {[#] The position is equal.} Bb7 $146 (12... f5 $11) ({Predecessor:} 12... f5 13. exf6 Nxf6 14. Qd3 g6 15. h3 Qd6 16. Bh6 Rf7 17. Qe2 Bd7 18. Nd2 Re8 {1-0 (49) Ziska,H (2484)-Andersen,M (2497) Copenhagen 2014}) 13. f3 ({White should try} 13. Nd2 $14) 13... Nc5 (13... Bc5+ $142 14. Be3 Bxe3+ 15. Rxe3 Nc5) 14. b4 Ne6 (14... Nd7 $11) 15. f4 $1 $14 {[%cal Bf3f4,Bf4f5][%mdl 32]} ({Much worse is} 15. Qd3 g6 $11) 15... f5 16. exf6 $1 Rxf6 17. Qe2 Bd6 (17... g6 $11) 18. f5 $1 Nf8 {[%cal Be6f8,Bf8d7,Bd7f6,Bf6e4][%mdl 32]} (18... Nf4 $2 19. Qg4 $18) 19. Bg5 Nd7 20. Bxf6 Nxf6 21. Nd2 {[%cal Bb1d2,Bd2f3,Bf3e5][%mdl 32]} Qf8 (21... c5 $142) 22. Qf1 (22. a3 $16) 22... Qf7 (22... d4 $14) 23. Nf3 Qh5 (23... Ne4 $2 24. Rxe4 $1 {[%mdl 512]} dxe4 25. Bb3 $1 $18) 24. Re6 ({White should play} 24. h3 $16) 24... Ne4 $11 25. Ne5 ({Much weaker is} 25. Bxe4 dxe4 26. Ne5 Rf8 $15) 25... Rf8 26. g4 (26. Qf3 $11 Qxf3 27. Nxf3) 26... Qg5 $1 $17 {Threatens to win with ...Qe3+. Chess con chili.} 27. Bxe4 (27. Re1 $17) 27... dxe4 $19 28. Qf2 {Inhibits Qe3.} e3 $36 {[%mdl 2048] Black is on the roll.} 29. Qg3 Bd5 $1 {This bishop pair is nice.} 30. h4 Qd8 31. Qxe3 $2 {[%mdl 8192] Now White is beyond hope.} (31. Rxd6 $17 cxd6 32. Nd3) 31... Bxe6 32. Nc6 {[#]} Qxh4 (32... Bh2+ $142 $1 {[%mdl 512]} 33. Kxh2 Qxh4+ 34. Qh3 Qf2+ 35. Qg2 Qxg2+ 36. Kxg2 Bd5+ 37. Kg3 Bxc6) 33. Qxe6+ Kh8 34. Qe4 Qg3+ 35. Kf1 Qxc3 36. Rd1 (36. Re1 {was called for.}) 36... Qh3+ 37. Ke2 Qh2+ 38. Kf3 h5 39. Ke3 Qg3+ 40. Kd4 $2 {[#]} (40. Ke2) 40... Qxg4 $2 (40... Bxb4 $1 {[%mdl 512]} 41. Nxb4 c5+ 42. Kxc5 Qc3+ 43. Kb6 Rb8+ 44. Qb7 Rxb7+ 45. Kxb7 Qf3+ 46. Rd5 hxg4 47. Kxa6 g3) 41. Rf1 $2 (41. Qxg4 hxg4 42. Rh1+ Kg8 43. Rh5) 41... Qxe4+ 42. Kxe4 {[%mdl 4096] Endgame KRB-KRN} g6 43. f6 Kg8 {Black is clearly winning.} 44. Kd5 Kf7 45. a3 Re8 46. Rf3 h4 {[%cal Bh5h4,Bh4h3,Bh3h2][%mdl 32] And now ...g5 would win.} 47. Nd4 Rh8 48. Kc6 h3 {Hoping for ...h2.} 49. Rf1 h2 50. Rh1 Kxf6 {Strongly threatening ...g5.} 51. Kb7 g5 {[%cal Bg6g5,Bg5g4][%mdl 32]} 52. Kxa6 g4 {...g3 is the strong threat.} 53. Ne2 Rh5 {Weighted Error Value: White=0.78/Black=0.47} 0-1

[Event "MPL 35th National U-20 Girls Chess-ch 20"]
[Site "Haryana"]
[Date "2022.03.13"]
[Round "9.3"]
[White "Bristy Mukherjee"]
[Black "Femil Chelladurai"]
[Result "0-1"]
[WhiteElo "1856"]
[BlackElo "1580"]
[Annotator "NA RC"]
[PlyCount "68"]
[EventDate "2022.03.09"]
[EventCountry "IND"]
[SourceTitle "playchess.com"]
[Source "ChessBase"]
[SourceQuality "1"]
[TimeControl "5400+30"]

1. d4 d5 2. Nc3 Nf6 3. Bg5 Bf5 4. f3 Nbd7 5. Nxd5 Nxd5 6. e4 h6 7. Bc1 e5 8. exf5 Qh4+ 9. g3 Qxd4 10. Qxd4 exd4 11. Ne2 c5 12. Nf4 Nb4 13. Kd1 O-O-O 14. Bd2 Nc6 15. b3 Nde5 16. Be2 Bd6 17. Nh5 g6 18. fxg6 fxg6 19. Nf4 Rdf8 20. Rf1 Rf7 21. Nd3 Nxd3 22. Bxd3 g5 23. Ke2 Rhf8 24. Be4 Ne5 25. h3 Re8 26. Kf2 Ref8 27. Kg2 c4 28. f4 c3 {[#]} 29. Bxc3 $1 dxc3 30. fxe5 Rxf1 31. Rxf1 Rxf1 32. Kxf1 Bxe5 33. Kf2 Kc7 34. g4 b6 $11 0-1

[Event "MPL 35th National U-20 Girls Chess-ch 20"]
[Site "Haryana"]
[Date "2022.03.13"]
[Round "9.4"]
[White "Marium Fatima"]
[Black "Divyabharathi Masanam"]
[Result "1/2-1/2"]
[WhiteElo "1511"]
[BlackElo "1711"]
[Annotator "NA RC"]
[PlyCount "82"]
[EventDate "2022.03.09"]
[EventCountry "IND"]
[SourceTitle "playchess.com"]
[Source "ChessBase"]
[SourceQuality "1"]
[TimeControl "5400+30"]

1. d4 {[%emt 0:00:02]} d5 {[%emt 0:00:41]} 2. Nf3 {[%emt 0:00:04]} Nf6 {[%emt 0:00:25]} 3. g3 {[%emt 0:00:04]} e6 {[%emt 0:00:59]} 4. Bg2 {[%emt 0:00:04]} Be7 {[%emt 0:01:05]} 5. O-O {[%emt 0:00:08]} O-O {[%emt 0:00:41]} 6. c4 {[%emt 0:00:04]} dxc4 {[%emt 0:01:33]} 7. Qc2 {[%emt 0:00:27]} a6 {[%emt 0:00:45]} 8. a4 {[%emt 0:00:24]} Bd7 {[%emt 0:08:56]} 9. Qxc4 {[%emt 0:01:39]} Bc6 {[%emt 0:01:23]} 10. Nc3 {[%emt 0:02:43]} b5 {[%emt 0:04:46]} 11. Qd3 {[%emt 0:05:02]} b4 {[%emt 0:01:08]} 12. Nd1 {[%emt 0:03:27]} Nbd7 {[%emt 0:04:45]} 13. Ne3 {[%emt 0:05:16]} Be4 {[%emt 0:04:00]} 14. Qd1 {[%emt 0:01:35]} a5 {[%emt 0:05:56]} 15. Nc4 {[%emt 0:03:58]} Bd5 {[%emt 0:09:55]} 16. Ne3 {[%emt 0:01:31]} Bb7 {[%emt 0:01:28]} 17. b3 {[%emt 0:01:30]} Nd5 {[%emt 0:02:09]} 18. Nxd5 {[%emt 0:06:20]} Bxd5 {[%emt 0:00:06]} 19. Bb2 {[%emt 0:01:07]} Rc8 {[%emt 0:01:52]} 20. Ne5 {[%emt 0:10:24]} Bxg2 {[%emt 0:02:47]} 21. Kxg2 {[%emt 0:00:06]} Nxe5 {[%emt 0:00:08]} 22. dxe5 {[%emt 0:00:05]} c5 {[%emt 0:00:40]} 23. Rc1 {[%emt 0:02:09]} h6 {[%emt 0:02:17]} 24. Rc4 {[%emt 0:00:59]} Qc7 {[%emt 0:04:03]} 25. Qc2 {[%emt 0:07:12]} Rfd8 {[%emt 0:01:25]} 26. Rd1 {[%emt 0:01:27]} Qc6+ {[%emt 0:04:22]} 27. e4 {[%emt 0:05:49]} Rxd1 {[%emt 0:08:02]} 28. Qxd1 {[%emt 0:00:02]} Kf8 {[%emt 0:02:41]} 29. Kf1 {[%emt 0:01:53]} Ke8 {[%emt 0:01:33]} 30. Ke2 {[%emt 0:00:34]} Qd7 {[%emt 0:01:59]} 31. Qxd7+ {[%emt 0:01:13]} Kxd7 {[%emt 0:00:10]} 32. Bc1 {[%emt 0:04:30]} h5 {[%emt 0:00:17]} 33. h4 {[%emt 0:00:27]} Kc6 {[%emt 0:01:47]} 34. Be3 {[%emt 0:00:09]} Rd8 {[%emt 0:00:34]} 35. Rc2 {[%emt 0:00:43]} Rg8 {[%emt 0:02:11]} 36. Rc1 {[%emt 0:01:24]} Rd8 {[%emt 0:00:31]} 37. Rc2 {[%emt 0:00:07]} Rd7 {[%emt 0:01:08]} 38. Rc4 {[%emt 0:02:13]} Rd8 {[%emt 0:08:28]} 39. Rc2 {[%emt 0:00:05]} Rd7 {[%emt 0:00:51]} 40. Rc4 {[%emt 0:00:30]} Rd8 {[%emt 0:00:40]} 41. Rc2 {[%emt 0:00:10]} Rd7 {[%emt 0:00:44]} 1/2-1/2

[Event "MPL 35th National U-20 Girls Chess-ch 20"]
[Site "Haryana"]
[Date "2022.03.13"]
[Round "9.5"]
[White "Velpula Sarayu"]
[Black "Lakshmi C"]
[Result "1/2-1/2"]
[WhiteElo "1875"]
[BlackElo "1968"]
[Annotator "NA"]
[PlyCount "175"]
[EventDate "2022.03.09"]
[EventCountry "IND"]
[SourceTitle "playchess.com"]
[Source "ChessBase"]
[SourceQuality "1"]
[TimeControl "5400+30"]

1. e4 {[%emt 0:00:07]} e5 {[%emt 0:00:34]} 2. Nf3 {[%emt 0:00:08]} Nc6 {[%emt 0:00:07]} 3. d4 {[%emt 0:00:10]} exd4 4. Nxd4 {[%emt 0:00:11]} Bc5 {[%emt 0:00:41]} 5. Nb3 Bb6 {[%emt 0:00:15]} 6. Nc3 {[%emt 0:00:24]} Nf6 {[%emt 0:01:16]} 7. Qe2 {[%emt 0:00:13]} d6 {[%emt 0:12:07]} 8. Be3 {[%emt 0:00:12]} Be6 {[%emt 0:32:00]} 9. O-O-O Qd7 10. f3 {[%emt 0:13:49]} O-O-O {[%emt 0:17:28]} 11. Bxb6 {[%emt 0:04:51]} axb6 {[%emt 0:04:17]} 12. Qf2 {[%emt 0:01:24]} Qe7 {[%emt 0:03:48]} 13. Nd4 {[%emt 0:01:45]} d5 {[%emt 0:08:52]} 14. Nxc6 {[%emt 0:17:23]} bxc6 {[%emt 0:00:06]} 15. e5 {[%emt 0:01:21]} Nd7 {[%emt 0:02:14]} 16. f4 {[%emt 0:00:24]} Qc5 {[%emt 0:06:27]} 17. Qd2 {[%emt 0:01:00]} (17. Qxc5 $1 $11 Nxc5 18. b4) 17... Kb7 {[%emt 0:02:44]} (17... f6 $17) 18. a3 {[%emt 0:00:52]} Qa5 {[%emt 0:01:18]} (18... f6 $15 19. exf6 Nxf6) 19. Be2 {[%emt 0:04:15]} f6 (19... Nf6 $2 {[%emt 0:00:53][%mdl 8192]}) 20. exf6 {[%emt 0:00:30]} Nxf6 {[%emt 0:01:23]} 21. Bf3 {[%emt 0:00:27]} Qc5 {[%emt 0:02:51]} 22. Rhe1 {[%emt 0:09:17]} Rhe8 {[%emt 0:01:17]} 23. Re5 {[%emt 0:02:41]} Bg4 {[%emt 0:00:52]} 24. Qe2 {[%emt 0:01:59]} Bxf3 {[%emt 0:00:52]} 25. gxf3 {[%emt 0:00:25]} b5 {[%emt 0:00:38]} 26. Qd2 {[%emt 0:02:57]} Nd7 {[%emt 0:00:44]} 27. Rg5 {[%emt 0:00:41]} Qf8 {[%emt 0:00:26]} 28. Kb1 {[%emt 0:02:47]} g6 {[%emt 0:00:31]} 29. Ne2 {[%emt 0:02:46]} Nb6 {[%emt 0:00:13]} 30. Re1 {[%emt 0:02:47]} Nc4 {[%emt 0:00:20]} 31. Qc1 {[%emt 0:00:05]} Re3 {[%emt 0:00:26]} 32. Nd4 {[%emt 0:01:54]} Rde8 {[%emt 0:01:02]} 33. Rxe3 {[%emt 0:01:02]} Rxe3 {[%emt 0:00:13]} 34. Rg4 {[%emt 0:01:57]} h5 {[%emt 0:00:36]} 35. Rxg6 {[%emt 0:00:27]} Qxf4 {[%emt 0:00:28]} 36. Nxc6 {[%emt 0:00:55]} Qxf3 {[%emt 0:00:44]} 37. Na5+ {[%emt 0:01:05]} Nxa5 {[%emt 0:00:35]} 38. Rg3 {[%emt 0:00:14]} Qxg3 {[%emt 0:00:26]} 39. hxg3 {[%emt 0:00:03]} Re5 {[%emt 0:00:31]} 40. b3 {[%emt 0:00:40]} Nc6 {[%emt 0:00:33]} 41. Qf1 {[%emt 0:00:35]} d4 {[%emt 0:00:30]} 42. Kb2 {[%emt 0:01:03]} Kb6 {[%emt 0:00:20]} 43. Qf4 {[%emt 0:00:29]} Kb7 {[%emt 0:00:26]} 44. Qf3 {[%emt 0:01:18]} Kb6 {[%emt 0:00:30]} 45. b4 Rg5 {[%emt 0:00:44]} 46. Ka2 {[%emt 0:03:44]} Re5 {[%emt 0:00:24]} 47. Kb2 $2 {[%emt 0:02:58]} Rg5 {[%emt 0:00:34]} 48. Qf7 {[%emt 0:01:35]} Re5 {[%emt 0:00:25]} 49. Qg6 {[%emt 0:01:27]} Kb7 {[%emt 0:00:20]} 50. Ka2 {[%emt 0:02:01]} Kb6 {[%emt 0:00:31]} 51. Qf7 {[%emt 0:00:00]} Kb7 {[%emt 0:00:30]} 52. Qf3 {[%emt 0:00:18]} Kb6 {[%emt 0:00:30]} 53. Kb1 $16 {[%emt 0:00:30]} Re1+ {[%emt 0:00:17]} 54. Kb2 {[%emt 0:00:29]} Re5 {[%emt 0:00:15]} 55. Ka2 {[%emt 0:00:04]} Kb7 {[%emt 0:00:47]} 56. g4 {[%emt 0:04:00]} hxg4 {[%emt 0:00:08]} 57. Qxg4 {[%emt 0:00:04]} Kb6 {[%emt 0:00:30]} 58. Kb2 {[%emt 0:00:51]} Kb7 {[%emt 0:00:45]} 59. Qg1 {[%emt 0:02:26]} Rf5 {[%emt 0:00:49]} 60. Qg2 {[%emt 0:01:42]} Kb6 {[%emt 0:00:40]} 61. Qg8 {[%emt 0:01:38]} Re5 {[%emt 0:00:26]} 62. Qc8 {[%emt 0:00:20]} Rg5 {[%emt 0:00:28]} 63. Qf8 {[%emt 0:01:19]} Re5 {[%emt 0:00:14]} 64. Kc1 {[%emt 0:00:08]} Re1+ {[%emt 0:00:38]} 65. Kd2 {[%emt 0:00:05]} Re5 {[%emt 0:00:12]} 66. c3 {[%emt 0:01:32]} dxc3+ {[%emt 0:00:08]} 67. Kxc3 Re3+ {[%emt 0:00:20]} 68. Kb2 {[%emt 0:00:08]} (68. Kd2 {[%emt 0:00:08]}) 68... Re5 {[%emt 0:00:11]} 69. Qg8 {[%emt 0:00:11]} Kb7 70. Qg2 {[%emt 0:00:21]} Kb6 {[%emt 0:00:59]} 71. Kc3 {[%emt 0:00:18]} Re3+ {[%emt 0:00:15]} 72. Kd2 {[%emt 0:01:29]} Re5 {[%emt 0:01:44]} 73. Kc3 {[%emt 0:00:18]} Re3+ $16 {[%emt 0:00:15]} 74. Kd2 {[%emt 0:01:11]} Re5 {[%emt 0:00:59]} 75. Qf3 $16 {[%emt 0:00:09]} Kb7 {[%emt 0:00:24]} (75... Re6 $14) 76. Kc3 Kb6 77. Kb2 Kb7 78. Kb3 Kb6 79. Qf2+ Kb7 80. Qg1 Rf5 81. Qe3 Re5 82. Qd3 Rg5 83. a4 Na7 84. Qe4+ Nc6 85. Qd3 Na7 86. Qf3+ Nc6 87. a5 Re5 88. Qd3 1/2-1/2

[Event "MPL 35th National U-20 Girls Chess-ch 20"]
[Site "Haryana"]
[Date "2022.03.13"]
[Round "9.6"]
[White "Varshita Jain"]
[Black "Bommini Mounika Akshaya"]
[Result "0-1"]
[WhiteElo "1491"]
[BlackElo "2145"]
[Annotator "TA"]
[PlyCount "108"]
[EventDate "2022.03.09"]
[EventCountry "IND"]
[SourceTitle "playchess.com"]
[Source "ChessBase"]
[SourceQuality "1"]

{[%evp 9,108,37,34,27,29,10,26,18,22,7,22,0,12,-5,7,-23,0,0,0,0,10,12,11,-107,-92,-71,-77,-104,-11,-11,-11,-11,-11,-16,0,-16,0,-80,-37,-49,-22,-68,-58,-58,-58,-60,-60,-88,-59,-76,-70,-166,-108,-189,-185,-170,-181,-339,-334,-339,-415,-397,-395,-385,-413,-400,-385,-417,-403,-418,-381,-408,-412,-402,-395,-337,-330,-457,-457,-397,-331,-622,-611,-600,-587,-784,-763,-1052,-160,-29966,-29966,-29984,-29985,-29988,-29989,-29989,-29990,-29992,-29993,-29993,-29994]} 1. e4 e5 2. Nf3 Nc6 3. Bb5 {[%cal Bf1b5,Bb5a4,Ba4b3,Bb3c2,Bc2d3][%mdl 32]} a6 4. Ba4 g6 5. O-O Bg7 6. c3 {C70: Ruy Lopez: 3...a6 4 Ba4, Norwegian and Delayed Schliemann.} Nge7 7. h3 b5 8. Bb3 {White has an edge.} O-O 9. d4 exd4 10. cxd4 Na5 11. Bc2 d6 12. Bf4 Bb7 13. Nc3 Nc4 14. b3 Na3 15. Bd3 c5 {[#]} 16. Ne2 $146 (16. Rc1 $11) ({Predecessor:} 16. Qd2 Re8 17. dxc5 dxc5 18. Rac1 c4 19. bxc4 bxc4 20. Be2 Nb5 21. Qxd8 Raxd8 22. Be5 {0-1 (54) Hunt,A (2437)-Svetushkin,D (2594) Livigno 2011}) 16... c4 $17 17. bxc4 bxc4 18. Bc2 Nxc2 (18... f5 $1 $17 19. Rc1 fxe4) 19. Qxc2 $11 d5 20. e5 Bc8 21. Qd2 Nc6 22. Rfe1 Bf5 23. g4 (23. Bg5 $11 {keeps the balance.} Qd7 24. Bh6) 23... Be6 (23... Bd3 $17 24. Bh6 Rb8) 24. Ng3 Qa5 (24... f5 {is interesting.} 25. g5 Qd7 26. Ne2 Rfb8 27. Bg3 Bf8) 25. Qxa5 (25. Qe3 $11 {is superior.}) 25... Nxa5 $15 26. Bd2 Nc6 27. Rab1 Rfb8 28. Bc3 Bf8 (28... Rb5 {seems wilder.} 29. a4 Rbb8 30. Ne2 Bf8 31. Red1 a5) 29. Rxb8 Rxb8 {[%cal Ba8b8,Bb8b4,Bb4b1][%mdl 32] Black keeps a firm grip on the game.} 30. Re2 (30. Ne2 $15) 30... Ba3 ({Black should try} 30... Bb4 $1 $19 {[%cal Rb4c3]} 31. Bxb4 Rxb4) 31. Ne1 (31. Kg2 $17 {is a better defense.}) 31... Bb4 $19 32. Bxb4 Rxb4 33. Rd2 (33. Nc2 {was called for.} Rb2 34. a3) 33... Rb1 34. Kf1 Nb4 {Threatens to win with ...c3.} 35. Ke2 c3 36. Rd1 {[#]} c2 ({Worse is} 36... Rb2+ 37. Ke3 $15) 37. Nxc2 Rb2 38. Rd2 Rxc2 ({Weaker is} 38... Nxc2 39. Kd1 $15) 39. Rxc2 Nxc2 40. Kd3 Nb4+ 41. Kc3 Nc6 {[%cal Oh7h5]} 42. f4 Bd7 {[%cal Oh7h5]} 43. f5 gxf5 44. gxf5 Ne7 45. f6 $2 (45. Kb4) 45... Ng6 46. Kb4 Bxh3 47. Nh5 Be6 48. Ng7 h5 $2 (48... Bg4 $19 {Strongly threatening ...h5.} 49. Ka5 h5 50. Nxh5 Bxh5 51. Kxa6 {[#]} Nxe5 $1 {[%mdl 512]}) 49. Kc5 $2 (49. Nxh5 $17 Bg4 50. Ng7) 49... Nf4 {Black mates.} 50. Kd6 h4 51. Ke7 h3 52. Ne8 h2 53. Nd6 h1=Q 54. Nxf7 Qh7 {Weighted Error Value: White=0.54/Black=0.27 (precise)} 0-1